000 00875nam a22001817a 4500
999 _c62872
_d62872
003 Ge_BSU
005 20250313160137.0
008 250313s1941 ge ||||| |||| 00| 0 geo d
041 _ageo
080 _a618.1(075.8) ღ-20
100 _aღამბარაშვილი, გ.
_924554
245 _aგინეკოლოგია :
_bმოკლე სახელმძღვანელო /
_cგ. ღამბარაშვილი; დოც. ა. ლეჟავას მონაწილეობით "დედაკაცის სასქესო ორგანოების განვითარება".
264 _aთბ. :
_b საქმედგმი,
_c 1941.
300 _a232გვ. :
_b ილ. ;
_c 22სმ.
653 _aგინეკოლოგია
653 _aმედიცინა
942 _2udc
_cᲬᲘᲒᲜᲘ